[Event "Czech Open GM 2020"]
[Site "Pardubice"]
[Date "2020.09.23"]
[Round "3.2"]
[White "Plat, Vojtech"]
[Black "Jarmula, Lukasz"]
[Result "1/2-1/2"]
[WhiteElo "2566"]
[BlackElo "2444"]
[Annotator "TA"]
[PlyCount "47"]
[EventDate "2020.09.21"]
[EventCountry "CZE"]
[SourceTitle "playchess.com"]
[Source "ChessBase"]
[SourceQuality "1"]

{[%evp 17,47,-4,-8,-14,-14,-13,6,-6,-1,-39,-17,-18,32,0,20,0,0,9,13,-33,-26,-23,-29,-61,-59,-75,-49,-132,-141,-157,-46,-58]} 1. e4 e5 2. Nf3 Nc6 3. d4 exd4 4. Nxd4 Nf6 5. Nxc6 bxc6 6. e5 Qe7 7. Qe2 Nd5 8. c4 Nb6 9. b3 a5 {[%cal Ba7a5,Ba5a4][%mdl 32]} 10. Ba3 {C45: Scotch Game.} Qe6 11. Bxf8 Kxf8 (11... Rxf8 {is more complex.} 12. Nc3 a4 13. Rc1 Bb7 14. Qe3 axb3 15. axb3 f6) 12. Nd2 {The position is equal.} a4 {[#]} 13. b4 $146 ({Predecessor:} 13. Rc1 axb3 14. axb3 Bb7 15. f4 c5 16. Qe3 d6 17. Kf2 Nd7 18. Ne4 Ra2+ 19. Be2 Nxe5 20. fxe5 {0-1 (34) Aliaga Fernandez,I (2119)-Frischmann,R (2312) Barcelona 2016}) 13... Ba6 14. f4 g6 15. Rc1 Kg7 16. Kf2 d6 17. Nf3 $1 Rhe8 18. exd6 Qf6 $1 ({Much worse is} 18... Qxd6 $6 19. Qb2+ Qf6 20. Qxf6+ Kxf6 21. Ne5 $14) 19. Qd2 cxd6 20. b5 cxb5 21. cxb5 Bb7 22. Be2 ({White should try} 22. Bd3 $15) 22... Nd5 $17 23. g3 Ne3 ({Black should play} 23... Re3 $17 {Strongly threatening ...Rae8.} 24. Rhe1 Ra3) 24. Rhe1 {Accuracy: White = 59%, Black = 76%.} 1/2-1/2

[Event "Czech Open GM 2020"]
[Site "Pardubice"]
[Date "2020.09.23"]
[Round "3.3"]
[White "Arkell, Keith C"]
[Black "Van Foreest, Lucas"]
[Result "0-1"]
[WhiteElo "2429"]
[BlackElo "2531"]
[Annotator "RC"]
[PlyCount "78"]
[EventDate "2020.09.21"]
[EventCountry "CZE"]
[SourceTitle "playchess.com"]
[Source "ChessBase"]
[SourceQuality "1"]
[TimeControl "40/5400+30:1800+30"]

1. d4 {[%emt 0:00:11]} g6 {[%emt 0:00:00]} 2. c4 {[%emt 0:01:09]} Bg7 {[%emt 0:00:00]} 3. Nc3 {[%emt 0:00:05]} c5 {[%emt 0:00:00]} 4. d5 {[%emt 0:02:22]} Bxc3+ {[%emt 0:00:00]} 5. bxc3 {[%emt 0:00:03]} e5 {[%emt 0:00:00]} 6. e4 {[%emt 0:01:24]} d6 {[%emt 0:00:24]} 7. f4 {[%emt 0:02:55]} exf4 {[%emt 0:00:07]} 8. Bxf4 {[%emt 0:00:05]} Qh4+ {[%emt 0:00:03]} 9. g3 {[%emt 0:03:33]} Qe7 {[%emt 0:00:04]} 10. Bd3 {[%emt 0:02:02]} Nf6 {[%emt 0:13:19]} 11. Qe2 {[%emt 0:06:48]} Nbd7 {[%emt 0:01:31]} 12. Nf3 {[%emt 0:01:42]} Ng4 {[%emt 0:00:34]} 13. O-O {[%emt 0:04:44]} O-O {[%emt 0:19:16]} 14. h3 {[%emt 0:18:45]} Nge5 {[%emt 0:00:57]} 15. Kg2 {[%emt 0:02:37]} Nxf3 {[%emt 0:02:04]} 16. Rxf3 {[%emt 0:02:59]} Ne5 {[%emt 0:01:55]} 17. Rf2 {[%emt 0:01:10]} f6 {[%emt 0:00:04]} 18. g4 {[%emt 0:02:46]} Bd7 {[%emt 0:00:05]} 19. Raf1 {[%emt 0:01:21]} Rae8 {[%emt 0:00:23]} 20. Bc2 {[%emt 0:00:48]} b6 {[%emt 0:01:31]} 21. Bg3 {[%emt 0:05:03]} Rf7 {[%emt 0:03:19]} 22. Bh4 {[%emt 0:01:07]} Ref8 {[%emt 0:01:43]} 23. Bb3 {[%emt 0:05:34]} Bc8 {[%emt 0:00:48]} 24. a4 {[%emt 0:01:53]} Kg7 {[%emt 0:01:55]} 25. Bg3 {[%emt 0:06:28]} Qe8 {[%emt 0:00:35]} 26. Qc2 {[%emt 0:06:36]} Qd7 {[%emt 0:04:25]} 27. Bxe5 {[%emt 0:03:06]} fxe5 {[%emt 0:00:05]} 28. Rxf7+ {[%emt 0:00:06]} Rxf7 {[%emt 0:00:02]} 29. Rxf7+ {[%emt 0:00:14]} Qxf7 {[%emt 0:00:05]} 30. Qf2 {[%emt 0:01:20]} Qe7 {[%emt 0:11:17]} 31. Bd1 {[%emt 0:00:08]} h6 {[%emt 0:05:41]} 32. h4 {[%emt 0:00:50]} Bd7 {[%emt 0:01:46]} 33. Kg3 {[%emt 0:09:54]} g5 {[%emt 0:00:58]} 34. h5 {[%emt 0:01:23]} Qe8 {[%emt 0:00:04]} 35. a5 {[%emt 0:05:33]} bxa5 {[%emt 0:00:02]} 36. Qb2 {[%emt 0:00:12]} a4 {[%emt 0:01:54]} 37. Qb7 {[%emt 0:00:30]} Qf7 {[%emt 0:00:03]} 38. Qxa7 {[%emt 0:00:42]} a3 {[%emt 0:00:02]} 39. Be2 {[%emt 0:00:44]} Bxg4 {[%emt 0:00:06]} 0-1

[Event "Czech Open GM 2020"]
[Site "Pardubice"]
[Date "2020.09.23"]
[Round "3.4"]
[White "Noe, Christopher"]
[Black "Storme, Isak"]
[Result "1-0"]
[WhiteElo "2519"]
[BlackElo "2353"]
[Annotator "TA"]
[PlyCount "63"]
[EventDate "2020.09.21"]
[EventCountry "CZE"]
[SourceTitle "playchess.com"]
[Source "ChessBase"]
[SourceQuality "1"]

{[%evp 15,63,-16,12,-18,-2,-36,-22,-26,28,31,49,53,36,37,24,33,26,13,13,0,0,0,0,0,0,0,93,72,110,80,241,239,250,228,377,365,397,400,381,400,364,316,580,573,560,543,692,439,519,515]} 1. d4 Nf6 2. c4 g6 3. Nc3 d5 4. Qa4+ Bd7 5. Qb3 dxc4 6. Qxc4 Bg7 7. e4 O-O 8. Nf3 Na6 9. Be2 {D90: Grünfeld: 4 Nf3 Bg7 sidelines.} c5 $1 10. d5 b5 11. Nxb5 {The position is equal.} Qa5+ (11... Nb4 $142 $1 12. Na3 (12. Qxc5 a5 $15) 12... e6) 12. Bd2 $11 {[#]} Qxb5 $146 ({Predecessor:} 12... Nb4 13. Qxc5 Na6 14. Qd4 Qd8 15. Nc3 Nc7 16. e5 Nfe8 17. O-O Nd6 18. Qc5 Nc8 19. Bf4 Nb6 20. e6 {1-0 (20) Loiret,S (2258)-Serralta,M (2069) France 2004}) 13. Qxb5 Bxb5 14. Bxb5 {[#] e5 is the strong threat.} Nb4 15. Bxb4 cxb4 16. Nd2 $36 {[%mdl 2048] White has the initiative.} Rac8 17. Rb1 Bh6 18. Bd3 e6 19. dxe6 Rfd8 $1 {[%cal Rd8d3]} 20. Ke2 {Strongly threatening exf7+.} fxe6 (20... Bxd2 $11 21. Kxd2 Nxe4+ 22. Ke2 Rxd3 {[%mdl 64] Decoy} 23. Kxd3 Nxf2+ {[%mdl 64] Double Attack} 24. Kd2 Rd8+ 25. Ke3 Nxh1) 21. Nf3 Ng4 22. Rhd1 Bg7 $2 {[#] Black cannot hold the game after this.} (22... Kf7 $16) 23. Bc4 $1 $18 {[%cal Rc4e6][%mdl 512]} Re8 (23... Rxc4 24. Rxd8+) 24. Bb3 Nf6 (24... Bh6 $142 25. Nd4 Kh8 26. Nxe6 (26. Bxe6 Rcd8 $16) 26... Ne5) 25. Ng5 Rc6 26. Ba4 Rc5 27. Bxe8 {And now Bf7+ would win.} Rxg5 28. Bc6 Ng4 $2 (28... Kf7 {might work better.} 29. g3 Rh5) 29. Rd8+ {White is clearly winning.} Kf7 30. Rd7+ Kf8 31. Ba4 Rc5 32. Rbd1 {Accuracy: White = 71%, Black = 47%.} 1-0

[Event "Czech Open GM 2020"]
[Site "Pardubice"]
[Date "2020.09.23"]
[Round "3.5"]
[White "Sorensen, Hampus"]
[Black "Mendonca, Leon Luke"]
[Result "1/2-1/2"]
[WhiteElo "2361"]
[BlackElo "2490"]
[Annotator "TA"]
[PlyCount "37"]
[EventDate "2020.09.21"]
[EventCountry "CZE"]
[SourceTitle "playchess.com"]
[Source "ChessBase"]
[SourceQuality "1"]

{[%evp 16,37,0,0,0,-10,19,4,7,-5,18,23,22,19,26,0,0,0,0,0,1,13,8,8]} 1. d4 Nf6 2. c4 c6 3. Nf3 d5 4. Nc3 e6 5. e3 Nbd7 6. Bd3 dxc4 7. Bxc4 b5 8. Bd3 a6 9. a4 {[%cal Ra4b5]} Bb7 {D48: Semi-Slav: Meran System: 7...b5 8 Bd3 a6.} 10. Qe2 Bd6 11. O-O O-O {[#]} 12. Ng5 $146 ({Predecessor:} 12. Rd1 Qe7 13. b3 e5 14. Bc2 exd4 15. Nxd4 g6 16. Bb2 c5 17. Nf3 b4 18. Nb1 {½-½ (48) Peycheva,G (2255)-Huda,M (2128) chess.com INT 2020}) 12... e5 13. Nce4 Nxe4 14. Nxe4 Bc7 15. Nc5 Nxc5 {The position is equal.} 16. dxc5 e4 17. Bxe4 Bxh2+ $1 {[%mdl 64] [#] Decoy} 18. Kxh2 {And now g3 would win.} Qh4+ {[%mdl 64] Double Attack} 19. Kg1 {A rather calm draw.} 1/2-1/2

[Event "Czech Open GM 2020"]
[Site "Pardubice"]
[Date "2020.09.23"]
[Round "3.6"]
[White "Finek, Vaclav"]
[Black "Petr, Martin"]
[Result "0-1"]
[WhiteElo "2344"]
[BlackElo "2484"]
[Annotator "TA"]
[PlyCount "76"]
[EventDate "2020.09.21"]
[EventCountry "CZE"]
[SourceTitle "playchess.com"]
[Source "ChessBase"]
[SourceQuality "1"]

{[%evp 9,76,25,22,25,24,18,25,25,26,27,23,24,36,20,31,19,25,5,7,7,11,0,3,-39,-39,-38,-38,-39,-39,-55,-47,-63,-27,-41,-30,-89,-95,-306,-309,-316,-294,-295,-180,-196,-195,-175,-175,-175,-174,-252,-242,-354,-348,-398,-397,-418,-424,-391,-312,-622,-616,-730,-750,-1761,-1875,-2143,-1972,-12837,-12836]} 1. d4 d5 2. c4 e6 3. Nc3 Nf6 4. Nf3 a6 5. cxd5 exd5 6. Bg5 {D37: Queen's Gambit Declined: 5 Bf4.} Be6 7. e3 Nbd7 8. Bd3 {White has an edge.} Bd6 9. Bf4 Qe7 10. O-O O-O 11. Qc2 c6 {[#]} 12. Rae1 $146 ({Predecessor:} 12. Bg5 Qe8 13. Nd2 c5 14. dxc5 Bxc5 15. Bxf6 Nxf6 16. Nxd5 Bxd5 17. Qxc5 Rd8 18. Qc2 Bxg2 19. Kxg2 {½-½ (67) Mandiza,F (2379)-Katz,A (2404) Charlotte 2018}) 12... Rfe8 13. Ng5 {[%cal Rd3h7]} h6 14. Nxe6 Qxe6 15. Bf5 Qe7 {[#] White must now prevent ...Bxf4.} 16. Bg3 (16. Bxd6 {feels hotter.} Qxd6 17. Bd3 g6 18. h3 Kg7 19. Rc1) 16... Bxg3 17. hxg3 g6 18. Bxd7 Qxd7 19. Ne2 Re7 20. Nf4 {With the idea Nxg6!} Ng4 21. b4 g5 22. Ne2 (22. Nd3 $11 {remains equal.}) 22... f5 $17 23. Nc3 $2 {[#] White does not recover from this.} (23. Kh1 $17) 23... Qe8 $1 $19 {[%cal Re8h5] ( -> ...Qh5)} 24. f3 Nxe3 {[%mdl 64] Double Attack} 25. Qe2 Kf8 26. Rf2 Nc4 27. Qxe7+ Qxe7 28. Rxe7 Kxe7 {[%mdl 4096] Endgame KRN-KRN} 29. Na4 (29. a4 {was called for.}) 29... b6 30. Nb2 (30. Nc3 {might work better.}) 30... Kd6 31. Re2 a5 32. bxa5 Rxa5 33. Nd3 Ra3 34. Ne5 $2 (34. Nc1) 34... Nxe5 {Black is clearly winning.} 35. Rxe5 c5 36. Rxf5 cxd4 37. Rf6+ Kc5 38. Rxh6 Rxa2 {Accuracy: White = 51%, Black = 89%.} 0-1

[Event "Czech Open GM 2020"]
[Site "Pardubice"]
[Date "2020.09.23"]
[Round "3.7"]
[White "Kulhanek, Tomas"]
[Black "Kevlishvili, Robby"]
[Result "0-1"]
[WhiteElo "2332"]
[BlackElo "2478"]
[Annotator "TA"]
[PlyCount "60"]
[EventDate "2020.09.21"]
[EventCountry "CZE"]
[SourceTitle "playchess.com"]
[Source "ChessBase"]
[SourceQuality "1"]

{[%evp 12,60,10,21,20,14,0,16,15,0,0,0,0,0,-10,-18,0,-2,1,0,0,-16,-18,-39,-20,-47,25,18,23,16,20,0,0,0,0,-20,0,-168,-154,-185,-171,-141,-171,-312,-289,-425,-446,-854,-837,-837,-841]} 1. e4 c5 2. Nf3 d6 3. Bb5+ Nd7 4. c3 Ngf6 5. Qe2 a6 6. Ba4 b5 7. Bc2 Bb7 {B51: Sicilian: Moscow Variation (3 Bb5+) without 3...Bd7.} 8. O-O g6 9. d4 Bg7 {The position is equal.} 10. Re1 cxd4 11. cxd4 O-O 12. Nbd2 {[#]} Rc8 $146 ({Predecessor:} 12... e5 13. d5 Rc8 14. Nb3 Qc7 15. Bd3 Nc5 16. Nxc5 dxc5 17. b3 c4 18. bxc4 bxc4 {1-0 (46) Barski,R (2425)-Godzwon,I (2265) Dzwirzyno 2019}) 13. Bd3 Nh5 {next ...Nf4 is good for Black.} 14. Nb3 Nb6 15. Bd2 Na4 16. Be3 e5 17. Qd2 Re8 18. d5 f5 ({Black should try} 18... Qd7 $15) 19. exf5 $11 e4 20. Bg5 Nf6 21. fxg6 exd3 22. gxh7+ Kh8 23. Nh4 Qd7 {Strongly threatening ...Nxb2!} ({Don't go for} 23... Kxh7 $2 24. Qxd3+ Kg8 25. Qg6 $18) 24. Bxf6 $2 (24. Qxd3 $11 Nxb2 25. Rxe8+ Rxe8 26. Ng6+ Kxh7 27. Nf8+ {[%mdl 64] Double Attack, Discovered Attack (Double check)} Kg8 28. Nxd7 Nxd3 29. Bxf6 (29. Nxf6+ Bxf6 30. Bxf6 Re2 $11)) 24... Bxf6 $19 25. Ng6+ Kxh7 26. Qxd3 {[#]} Kg8 $1 $36 {[%mdl 2048] White is under strong pressure.} 27. Nf4 (27. Na5 $142) 27... Qg4 ({Weaker is} 27... Nxb2 28. Qg6+ Bg7 29. Nh5 $15) 28. Ne6 (28. g3 $142) 28... Nxb2 {Black is clearly winning.} 29. Re4 {[#]} (29. Qd2 $142) 29... Qxg2+ $1 {[%mdl 512]} 30. Kxg2 Nxd3 {Accuracy: White = 62%, Black = 93%.} 0-1

[Event "Czech Open GM 2020"]
[Site "Pardubice"]
[Date "2020.09.23"]
[Round "3.8"]
[White "Rabatin, Jakub"]
[Black "Parvanyan, Ashot"]
[Result "1/2-1/2"]
[WhiteElo "2291"]
[BlackElo "2458"]
[Annotator "TA"]
[PlyCount "41"]
[EventDate "2020.09.21"]
[EventCountry "CZE"]
[SourceTitle "playchess.com"]
[Source "ChessBase"]
[SourceQuality "1"]

{[%evp 11,41,10,20,11,18,20,23,4,17,12,29,12,27,0,0,0,4,5,82,15,1,0,0,0,0,0,0,0,0,0,0,0]} 1. e4 e6 2. d4 d5 3. Nd2 Be7 4. Bd3 c5 5. dxc5 Nf6 6. Qe2 O-O 7. Ngf3 {C03: French Tarrasch: Unusual Black 3rd moves.} a5 8. O-O Na6 {[%cal Bb8a6,Ba6b4,Bb4c6][%mdl 32]} 9. e5 {White has an edge.} Nd7 10. c4 Ndxc5 11. Bb1 Nb4 12. Rd1 Qc7 13. cxd5 exd5 14. Nd4 {[#]} f6 $146 {[#]} (14... Nc6 $11 {remains equal.} 15. N2f3 Bg4) ({Predecessor:} 14... Nc6 15. N2f3 Bg4 16. Nb5 Qxe5 17. Qc2 Qh5 18. Rxd5 Nb4 19. Rxh5 Nxc2 20. Re5 Nxa1 21. Rxe7 Bxf3 22. gxf3 {0-1 (49) Rasmussen,A (2502)-Shahinyan,D (2436) Sowme'eh Sara 2015}) 15. a3 (15. N2f3 $1 $16) 15... Nc6 $11 {The position is equal.} 16. Qh5 g6 17. Bxg6 hxg6 18. Qxg6+ Kh8 19. Nxc6 Qxc6 20. Qh6+ Kg8 21. Qg6+ {Accuracy: White = 84%, Black = 87%.} 1/2-1/2

[Event "Czech Open GM 2020"]
[Site "Pardubice"]
[Date "2020.09.23"]
[Round "3.9"]
[White "Balinski, Damian"]
[Black "Vogel, Roven"]
[Result "1/2-1/2"]
[WhiteElo "2158"]
[BlackElo "2456"]
[Annotator "TA"]
[PlyCount "58"]
[EventDate "2020.09.21"]
[EventCountry "CZE"]
[SourceTitle "playchess.com"]
[Source "ChessBase"]
[SourceQuality "1"]

{[%evp 15,58,52,81,51,72,50,41,30,39,33,28,30,37,33,37,25,35,29,31,28,35,7,0,0,0,0,-3,-4,0,0,11,17,22,25,24,25,31,16,118,112,121,96,103,97,123]} 1. d4 Nf6 2. c4 g6 3. Nc3 Bg7 4. e4 d6 5. f3 O-O 6. Bg5 c6 7. Qd2 e5 8. d5 cxd5 9. cxd5 {E81: King's Indian: Sämisch: 6th move deviations (including 6 Be3 c6).} Na6 10. Nge2 Bd7 11. Ng3 {White is slightly better.} Nc5 {[#]} 12. b4 $146 ({Predecessor:} 12. Be2 Qb6 13. Be3 h5 14. Rb1 a5 15. O-O a4 16. Nh1 Rfc8 17. Nf2 Qa5 18. Rfc1 {1-0 (29) Tkachiev,V (2645)-Relange,E (2490) Bastia 1998}) 12... Na4 13. Nxa4 Bxa4 14. Bd3 Qd7 15. O-O Bb5 16. Rfc1 Rfc8 17. Be3 a6 18. Bf1 Bxf1 19. Nxf1 Nh5 20. Rxc8+ Rxc8 21. Rc1 Rxc1 22. Qxc1 Nf4 {[#] ...Ne2+ is the strong threat.} 23. Qc4 Bf6 24. g3 Nh5 25. a4 Bd8 26. b5 a5 (26... axb5 $11 27. axb5 f5) 27. b6 {White is better.} f5 28. Nd2 Nf6 29. Kg2 fxe4 {Accuracy: White = 84%, Black = 83%.} 1/2-1/2

[Event "Czech Open GM 2020"]
[Site "Pardubice"]
[Date "2020.09.23"]
[Round "3.10"]
[White "Golubka, Petro"]
[Black "Wedda, Dries"]
[Result "1-0"]
[WhiteElo "2488"]
[BlackElo "2246"]
[Annotator "TA"]
[PlyCount "103"]
[EventDate "2020.09.21"]
[EventCountry "CZE"]
[SourceTitle "playchess.com"]
[Source "ChessBase"]
[SourceQuality "1"]

{[%evp 12,103,13,15,12,6,8,10,10,-7,20,-36,0,-1,8,0,0,0,1,0,0,0,0,0,10,0,0,0,0,0,0,0,0,-18,-31,-25,10,8,4,3,58,0,57,35,43,14,28,6,11,14,14,0,7,0,4,6,53,14,16,0,0,0,66,68,98,90,96,89,89,13,13,14,75,0,0,0,0,0,106,104,214,197,252,252,252,241,242,253,256,253,470,464,533,296]} 1. d4 Nf6 2. Nf3 d5 3. c4 e6 4. Nc3 Bb4 5. Qa4+ Nc6 6. e3 O-O 7. Bd2 {7.Qc2 deserves study.} dxc4 {D38: Queen's Gambit Declined: Ragozin Defence (4 Nf3 Bb4).} 8. Bxc4 Bd6 9. h3 e5 {The position is equal.} 10. O-O a6 11. Qd1 {[#]} (11. d5 $11 Ne7 12. Qc2) 11... exd4 $146 ({Predecessor:} 11... h6 12. dxe5 Nxe5 13. Nxe5 Bxe5 14. Qc2 b5 15. Bd3 Bb7 16. Rad1 Qe7 17. f4 Bd6 {0-1 (26) Shetye,S (1812)-Koneru,H (2612) Mumbai 2009}) 12. exd4 h6 13. Re1 Bf5 14. a3 b5 15. Bf1 Re8 16. Be3 Ne7 17. Ne5 Ned5 18. Qf3 Be6 19. Bd2 c5 20. dxc5 Bxc5 21. Rad1 Qc7 22. Ng4 Nxg4 23. hxg4 Nxc3 (23... Nf6 $5 {[%cal Re6g4]} 24. Bf4 Qb6 $11) 24. Bxc3 Rad8 25. Bd3 Bc8 (25... Qb6 $11) 26. g5 (26. Rxe8+ $14 Rxe8 27. g5) 26... Qb6 (26... Rxe1+ $11 27. Rxe1 hxg5) 27. Rxe8+ $14 Rxe8 28. b4 Bf8 29. Bd4 Qe6 (29... Qxd4 $2 {[#]} 30. Bh7+ $1 {[%mdl 512]} Kxh7 31. Rxd4 $18) 30. gxh6 $40 {[%mdl 128] Black needs to defend precisely.} Qxh6 31. Be3 Qh4 32. Bf5 Qf6 33. Be4 Qh4 34. Rd4 {[#] And now Bc6 would win.} Qe7 35. Bd5 {Threatens to win with Rh4!} Be6 36. Bb7 g6 (36... Rd8 $11) 37. Bxa6 Bg7 38. Bxb5 Bxd4 39. Bxd4 Qg5 {next ...Bd5 is good for Black.} 40. Qf6 ({But not} 40. Bxe8 $6 Qc1+ 41. Kh2 Qh6+ 42. Kg3 Qg5+ 43. Kh2 Qh6+ 44. Kg1 Qc1+ 45. Kh2 Qh6+ $11) ({Better is} 40. Bf1 $16) 40... Qxf6 $11 41. Bxf6 {[%mdl 4096] Endgame KRB-KB} Ra8 (41... Rc8 $1 $11 {remains equal.}) 42. Bb2 (42. a4 $16) 42... Rd8 43. Bc3 Rc8 44. Bd4 Ra8 (44... Bc4 $11 45. Bxc4 Rxc4) 45. a4 $16 {[%cal Ba3a4,Ba4a5,Ba5a6,Ba6a7][%mdl 32]} Bb3 (45... Rb8 $16) 46. a5 $18 Rd8 (46... Rb8 $142) 47. Bc5 Rd1+ 48. Kh2 {Black must now prevent a6.} Bd5 49. a6 {aiming for Be2.} Ra1 50. a7 Ra2 $2 (50... Ba8 {was worth a try.} 51. Kg3 Ra3+ 52. Kf4 f6) 51. Bd7 Rc2 52. Bg4 {Accuracy: White = 79%, Black = 63%.} 1-0

[Event "Czech Open GM 2020"]
[Site "Pardubice"]
[Date "2020.09.23"]
[Round "3.11"]
[White "Vrolijk, Liam"]
[Black "Ludvik, Tomas"]
[Result "1-0"]
[WhiteElo "2481"]
[BlackElo "2218"]
[Annotator "RC"]
[PlyCount "65"]
[EventDate "2020.09.21"]
[EventCountry "CZE"]
[SourceTitle "playchess.com"]
[Source "ChessBase"]
[SourceQuality "1"]
[TimeControl "40/5400+30:1800+30"]

1. d4 {[%emt 0:00:00]} d5 {[%emt 0:00:00]} 2. c4 {[%emt 0:00:30]} c6 {[%emt 0:00:00]} 3. Nf3 {[%emt 0:00:15]} Nf6 {[%emt 0:00:00]} 4. e3 {[%emt 0:00:07]} Bf5 {[%emt 0:00:58]} 5. Nc3 {[%emt 0:00:08]} e6 {[%emt 0:00:06]} 6. Nh4 {[%emt 0:00:28]} Be4 {[%emt 0:00:16]} 7. f3 {[%emt 0:00:18]} Bg6 {[%emt 0:00:06]} 8. Qb3 {[%emt 0:00:16]} Qc7 {[%emt 0:00:46]} 9. Bd2 {[%emt 0:00:09]} Be7 {[%emt 0:00:24]} 10. g3 {[%emt 0:03:42]} O-O {[%emt 0:04:03]} 11. g4 {[%emt 0:01:20]} dxc4 {[%emt 0:08:21]} 12. Bxc4 {[%emt 0:01:11]} a6 {[%emt 0:00:41]} 13. g5 {[%emt 0:03:50]} Nd5 {[%emt 0:02:51]} 14. Nxg6 {[%emt 0:01:04]} hxg6 {[%emt 0:02:05]} 15. f4 {[%emt 0:00:08]} b5 {[%emt 0:03:05]} 16. Nxd5 {[%emt 0:12:22]} exd5 {[%emt 0:14:00]} 17. Bd3 {[%emt 0:01:56]} Nd7 {[%emt 0:01:12]} 18. h4 {[%emt 0:06:26]} Qd6 {[%emt 0:03:40]} 19. Qd1 {[%emt 0:12:14]} c5 {[%emt 0:02:47]} 20. Qg4 {[%emt 0:10:55]} Rfe8 {[%emt 0:05:06]} 21. Kf2 {[%emt 0:05:31]} Bd8 {[%emt 0:08:00]} 22. h5 {[%emt 0:03:40]} cxd4 {[%emt 0:01:14]} 23. exd4 {[%emt 0:04:08]} Bb6 {[%emt 0:02:17]} 24. hxg6 {[%emt 0:02:09]} fxg6 {[%emt 0:03:25]} 25. Kg2 {[%emt 0:01:35]} Bxd4 {[%emt 0:05:57]} 26. Rae1 {[%emt 0:05:58]} Nc5 {[%emt 0:10:29]} 27. Bb4 {[%emt 0:04:34]} Rxe1 {[%emt 0:06:20]} 28. Rxe1 {[%emt 0:00:07]} Rf8 {[%emt 0:05:54]} 29. f5 {[%emt 0:03:06]} a5 {[%emt 0:03:07]} 30. Re6 {[%emt 0:04:52]} gxf5 {[%emt 0:04:20]} 31. Bxf5 {[%emt 0:02:19]} Qd7 {[%emt 0:00:27]} 32. Bxc5 {[%emt 0:02:05]} Bxc5 {[%emt 0:00:01]} 33. Rf6 {[%emt 0:01:07]} 1-0

[Event "Czech Open GM 2020"]
[Site "Pardubice"]
[Date "2020.09.23"]
[Round "3.12"]
[White "Haba, Petr"]
[Black "Pogan, Nikolas"]
[Result "1/2-1/2"]
[WhiteElo "2461"]
[BlackElo "2212"]
[Annotator "TA"]
[PlyCount "80"]
[EventDate "2020.09.21"]
[EventCountry "CZE"]
[SourceTitle "playchess.com"]
[Source "ChessBase"]
[SourceQuality "1"]

{[%evp 24,80,14,13,35,33,47,29,41,6,47,16,71,53,48,39,63,34,35,16,100,108,134,110,114,102,189,210,289,276,471,464,422,-50,-70,-74,0,0,106,-94,-52,-88,-99,-281,-297,-303,-302,-272,-237,-292,-323,-322,-246,-358,-327,-416,-423,-422,-240]} 1. e4 c6 2. d4 d5 3. Nd2 dxe4 4. Nxe4 Bf5 5. Ng3 Bg6 6. h4 h6 7. Nf3 Nd7 8. h5 Bh7 9. Bd3 Bxd3 10. Qxd3 e6 11. Bd2 Ngf6 12. O-O-O Qc7 13. Ne4 Nxe4 {B19: Classical Caro-Kann: 4...Bf5 main line.} 14. Qxe4 Bd6 15. Qg4 Rh7 {[#] White has an edge.} 16. Ne5 $146 ({Predecessor:} 16. Qe4 Nf6 17. Qe2 Qb6 18. Ne5 Rd8 19. Rh4 Be7 20. c3 Qb5 21. c4 Qa6 22. Kb1 {½-½ (57) Geenen,M (2260)-Tsatsalashvili,K (2330) Belgium 2018}) 16... Nf6 17. Qf3 (17. Qe2 {seems wilder.} O-O-O 18. f4 Rhh8 19. c4 c5 20. dxc5 Bxc5 21. Bc3) 17... O-O-O (17... Bxe5 $11 18. dxe5 Qxe5) 18. Nc4 Rhh8 19. Kb1 Qe7 20. Nxd6+ Qxd6 21. Bf4 Qe7 (21... Qd5 $11) 22. Bh2 $36 {[%mdl 2048] Keeping Black busy.} Kd7 23. c4 Ke8 24. Be5 Rd7 (24... Kf8 $16) 25. g4 $1 $18 Kd8 26. g5 $1 {[%cal Rg5f6]} Ne8 $2 (26... hxg5 27. h6 Kc8 28. hxg7 Rxh1 29. Rxh1 Ng8) 27. d5 $1 {[%cal Rd5c6]} exd5 28. cxd5 $2 (28. Rhe1 $18 Qxg5 29. cxd5) 28... Qxe5 $15 29. dxc6 {[#]} bxc6 (29... Rxd1+ $1 $17 30. Rxd1+ Kc7 31. Rd7+ (31. cxb7 $2 Nd6 $19) (31. Qxf7+ Kxc6 32. Rc1+ Kb6 $11) 31... Kc8) 30. Qxc6 $11 {[%csl Gc6][%cal Rd1d7]} Qc7 (30... Rxd1+ $11 {keeps the balance.} 31. Rxd1+ Ke7) 31. Rxd7+ $2 (31. Qa8+ $16 Qc8 32. Rxd7+ Kxd7 33. Rd1+ (33. Qxa7+ Qc7 $14) 33... Nd6 34. Qd5 (34. Qxa7+ Qc7 $11)) 31... Qxd7 $17 32. Qa8+ Ke7 33. Re1+ $2 (33. Qe4+ $17 Kf8 34. g6) 33... Kf8 $19 34. g6 {[#]} fxg6 $1 35. hxg6 {Qf3+ would kill now.} Qf5+ 36. Ka1 {[%csl Ga8][%cal Re1e8]} Qxg6 37. Qxa7 {Qe7+ would now be nice for White.} Qf7 38. Qa8 (38. Qc5+ $142 Kg8 39. a4) 38... h5 39. a4 Rh6 40. a5 Qd7 {Never resign too early! Accuracy: White = 54%, Black = 47%.} (40... h4 $142 41. Re3 Rd6) 1/2-1/2